| 000 | 00581cam a22001933a 4500 | ||
|---|---|---|---|
| 001 | 45516 | ||
| 003 | PGUSA | ||
| 005 | 20140828084043.0 | ||
| 008 | 140428s2014||||xxu|||||s|||||000 | eng d | ||
| 040 |
_aPGUSA _beng |
||
| 042 | _adc | ||
| 245 | 1 | 0 |
_aMacmillan's Three-and-Sixpenny Library of Books by Popular Authors December 1905 _h[electronic resource] / _cVarious |
| 260 |
_bProject Gutenberg, _c2014 |
||
| 506 | _aPublic domain in the USA. | ||
| 516 | _aElectronic text | ||
| 830 | 0 |
_aProject Gutenberg _v45516 |
|
| 856 | 4 | 0 | _uhttp://www.gutenberg.org/ebooks/45516 |
| 942 | _cEB | ||
| 999 |
_c274767 _d274767 |
||